00843nam a2200241 a 4500001001400000005001700014008004100031020001800072090001200090100003100102245010500133250001200238260002400250300002100274490002300295650002400318650002400342650003500366700001800401700002500419999001300444952014400457$$a000000388220200120221817.0990302s1986 espa gr0 0 000 d a84-372-1325-8 aAbGARh0 a(García Sánchez, J.L.)10aSoy un hotel /c(idea y texto: J.L. García Sánchez, M.A. Pacheco; ilustraciones: Aarin Schubert. a7a. ed. aMadridbAlteac1986 a32p. : il., col. aPrimera biblioteca14aLITERATURA INFANTIL14aCUENTOS ESPAÑOLES14aLIBROS ILUSTRADOS PARA NIÑOS1 aPacheco, M.A.1 aSchubert, Aarin, il. c361d361 00102ddc40708LIaBPMOSbBPMOSd2020-01-20i115393l1oA GARhpMOS006330r2023-09-04s2023-08-16tej.1w2020-01-20yBKLITzQuince días